| 000 | 00488nam a22001577a 4500 | ||
|---|---|---|---|
| 008 | 210915b ||||| |||| 00| 0 eng d | ||
| 020 | _a9781496388094 | ||
| 082 |
_222 _a617.14 _b1 |
||
| 100 |
_aHess, Cathy Thomas _922556 |
||
| 245 |
_aProduct guide to skin & wound care _c/Cathy Thomas Hess |
||
| 250 | _a8 th ed. | ||
| 260 |
_aPhiladelphia _bWolters Kluwer _cc2020 |
||
| 300 |
_axvi, 491 p. _bcol. ill. _c23 cm |
||
| 650 | _2wound and Injuries | ||
| 942 |
_2ddc _cBK _k617.14 _mHES _n617.14 HES |
||
| 999 |
_c11959 _d11959 |
||